000 00970nam a22002777a 4500
005 20170124105927.0
010 _aA-592303
020 _c00
035 h _aA-592303
037 _bCen Lib/Ret
040 _aDPL
_bEN
082 _a303.4834
245 _aSocial imlications of computers in developing countries /
_cedited by S.C. bhatnagar, Mayuri Odedra
246 _b
260 _bTata McGraw Hill Publishing Company
_c1992
_aNew Delhi
270 _bNew Delhi
_a4/12, asaf ali road
_e110002
300 _aviii, 331p.
_c23cm(Hb)
500 _aIncludes bibliographical references
650 _aInformation technology
_96893
650 _aSocio-economic development
_96894
650 _aसूचना प्रौद्योगिकी
_96895
650 _a सामाजिक-आर्थिक विकास
_96896
700 _aBhatnagar, S.C.
_96879
700 _aOdedra, Mayuri
_96880
942 _2ddc
_cEN
_h303.4834
_mBHA
999 _c123564
_d123564